000 00830nam a22002297a 4500
005 20121214165448.0
008 121214t xxu||||| |||| 00| 0 eng d
010 _aENG-106453
020 _a9788178359267
_c580.00
035 _aEN-89986
037 _bDBAD/PUB
040 _aDPL
_bEng
082 _a153.83
100 _954337
_aAmalor, D.
245 _aHow to make successful decisions for university students /
_cby D. Amalor
260 _aDelhi
_bKalpaz Publications
_c2012
270 _aC-30, Satyawati Nagar
_bDelhi
_e110052
300 _a196p.
_c22cm(Hb)
500 _aIncludes bibliographical references and index
942 _2ddc
_cEN
_h153.83
_mAMA
999 _c72194
_d72194